| 000 | 00477nam a22001697a 4500 | ||
|---|---|---|---|
| 003 | SGT | ||
| 020 | _a9788131270837 | ||
| 082 |
_a616.024 _bP24C |
||
| 100 | _aCAIRO, J.M. | ||
| 245 | _aPILBEAM'S MECHANICAL VENTILATION PHYSIOLOGICAL & CLINICAL APPLICATION | ||
| 250 | _a8TH | ||
| 260 |
_aINDIA _bELSEVIER PUB _c2024 |
||
| 300 | _a574 | ||
| 650 | _aEMERGENCY MEDICINE | ||
| 653 | _aPILBEAM'S MECHANICAL VENTILATION PHYSIOLOGICAL & CLINICAL APPLICATION | ||
| 942 |
_2ddc _cBK |
||
| 999 |
_c30861 _d30861 |
||